| 000 | 01443nas a2200277 i 4500 | ||
|---|---|---|---|
| 001 | 252471 | ||
| 005 | 20260224093415.0 | ||
| 007 | ta | ||
| 008 | 260224e1998 dr b ppro || zospa || | | ||
| 011 | _a | ||
| 040 |
_aDO-SdBNP _bspa _cBNPHU _erda |
||
| 041 | _hspa | ||
| 245 |
_aRevista agropecuaria nacional : _bpor el desarrollo de la agropecuaria. |
||
| 264 |
_aSanto Domingo, República Dominicana : _bEditora Caña Brava, _c1998. |
||
| 300 |
_avolumen : _bilustraciones, fotografías ; _c28 cm. |
||
| 310 | _aBimestral. | ||
| 336 |
_atexto _btxt _2rdacontent |
||
| 337 |
_asin mediación _bn _2rdamedia |
||
| 338 |
_avolumen _bnc _2rdacarrier |
||
| 362 | _aAño 1. No. 1, agosto-septiembre 1998. | ||
| 500 | _aCatalogación basada en el: Año 1. No. 1, agosto-septiembre 1998. | ||
| 520 | _aLa Revista Agropecuaria Nacional, hoy aceptamos el reto que las circunstancias han colocado sobre nuestras manos en la dirección de este medio. Con la conciencia de la gran necesidad que tiene la agropecuaria y la agroindustria nacional frente a los nuevos cambios de la globalización y el libre comercio, cuyos efectos ya se perciben, honramos el deber de contribuir con el crecimiento de nuestra agropecuaria. | ||
| 650 |
_948099 _aIndustrias agropecuarias _vPublicaciones periódicas _zRepública Dominicana |
||
| 650 |
_97565 _aAgricultura _xPublicaciones periódicas _zRepública Dominicana |
||
| 942 |
_2ddc _cISSUE |
||
| 999 |
_c60385 _d60385 |
||